000 00729pam a2200193 a 4500
020 _a020162883X
082 0 0 _a005.133P
_bCON
100 1 _aConner, D. Brookshire.
_936738
245 1 0 _aObject-oriented programming in Pascal :
_ba graphical approach /
_cD. Brookshire Conner, David A. Niguidula, Andries van Dam.
260 _aReading, Mass. :
_bAddison-Wesley Pub. Co.,
_cc1995.
300 _axxxix, 616 p. :
_bill. ;
_c23 cm.
526 _a0
_b0
_c0
_d005_000000000000000_133P_CON
650 0 _aMCE
_9379
650 0 _aObject-oriented programming (Computer science)
_93212
650 0 _aPascal (Computer program language)
_914014
700 1 _aNiguidula, David A.
_936739
700 1 _aVan Dam, Andries,
_936740
942 _2ddc
_cBK
999 _c541719
_d541719